00326nam a2200133Ia 4500008004100000020001500041041001200056082001600068100001500084245003400099260003900133300000800172650001200180221030s9999 xx 000 0 und d a9971511541 aEnglish a105.23bRes aR. Resnick 0aPhysics Vol. Icby R. Resnick bJohn Wiley & SonsaNew Delhic1994 a592 aPhysics